| 000 | 00384nam a22001337a 4500 | ||
|---|---|---|---|
| 082 | _aP-583 | ||
| 100 |
_aHafeez Khan _948318 |
||
| 245 |
_aEffect of fines on permeability and strength of base course. _cHafeez Khan, Fahad Khan. |
||
| 260 |
_aRisalpur: _bMCE. _c18 Jul 2014 |
||
| 526 |
_a0 _b0 _c0 _dP_583 |
||
| 650 | _aProject: | ||
| 700 |
_aAyub Jan Lt Col. _948319 |
||
| 942 |
_2ddc _cBK |
||
| 999 |
_c551327 _d551327 |
||